000 01854cam a22004814i 4500
003 PE-LiUPU
005 20250731173148.0
008 150623s2002 cau rb 000 0 eng d
020 _a1893554155
035 _a(Sirsi) i9781893554153
040 _aPE-LiUPU
_bspa
_cPE-LiUPU
_erda
049 _aPRUA
082 0 4 _a239
_bC26
_221
100 1 _aCarroll, Vincent,
_eautor.
245 1 0 _aChristianity on trial :
_barguments against anti-religious bigotry /
_cVincent Carroll, David Shiflett.
264 1 _aSan Francisco :
_bEnconunter Books,
_c2002.
300 _a244 páginas ;
_c22 centímetros
336 _atext
_2rdacontent
337 _aunmediated
_2rdamedia
338 _avolume
_2rdacarrier
504 _aIncluye bibliografía.
505 0 _aChristianity and the foundation of the west. Christianity and slavery -- Christianity and science -- Christianity and the slaughter of the innocents -- Christianity and the third reich -- Christianity and charity -- Christianity and the envieronment -- Christianity and American democracy -- Conclusión.
526 _aSEG42
526 _aSEG41
526 _aSEG40
526 _aSEG39
526 _aP94
526 _aP87
526 _aP86
526 _aP85
526 _aP77
526 _aP76
526 _aP35
650 0 4 _aApologética.
_92321
650 0 4 _aEtica cristiana
_xHistoria.
650 0 4 _aIglesia
_xHistoria.
942 _2ddc
_cBOOK
949 _a239 C26
_wDEWEY
_c1
_i53362
_lCCODEBUL1
_mBUL
_p16.00
_r0
_sY
_tBOOK
_u2015-6-24
_xTEOLOGIA
_PP35
_0COMPRA
_o.STAFF. Colección General
994 _aC0
_bPEPRU
596 _a1
999 _a239 C26
_wDEWEY
_c35328
_i53362
_f2021-11-10
_g5
_lCCODEBUL1
_mBUL
_p16.00
_r0
_sY
_tBOOK
_u2015-6-24
_xTEOLOGIA
_PP35
_0COMPRA
_o.STAFF. Colección Teología
_d35328
980 _81
_gALBERTO SANCHEZ Responsable de Automatización